| 000 | 01136nam a2200253Ia 4500 | ||
|---|---|---|---|
| 003 | Ost | ||
| 005 | 20260416102354.0 | ||
| 008 | 260416s9999||||xx |||||||||||||| ||und|| | ||
| 040 | _cfsecg | ||
| 041 | _aara | ||
| 082 | _a657.46 | ||
| 100 |
_aمغني، نادية _eمؤلف |
||
| 245 | 0 |
_a المحاسبة التحليلية / _c نادية مغني |
|
| 260 |
_aالجزائر _bجامعة الجزائر3: كلية العلوم الإقتصادية، العلوم التجارية وعلوم التسيير _c2019 |
||
| 300 |
_a51 ورقة _bايضاحات _c30 سم |
||
| 504 | _aمراجع ص.49 | ||
| 520 | _aتأصيل المفاهيم المتعلقة بالمحاسبة التحليلية، محاسبة المواد (المخزونات)، طرق قياس التكاليف | ||
| 653 | _aالتكاليف | ||
| 653 | _aالمحاسبة التحليلية | ||
| 653 | _aالمخزونات | ||
| 653 | _aمحاسبة التكاليف | ||
| 710 |
_aجامعة الجزائر3: كلية العلوم الإقتصادية، العلوم التجارية وعلوم التسيير _eناشر علمي |
||
| 942 | _cHANDOUT | ||
| 999 |
_c41114 _d41114 |
||